[Event "Rhein Main op-B 21st"]
[Site "Bad Homburg"]
[Date "2018.05.31"]
[Round "3"]
[White "Lehnert, Michael"]
[Black "Chambers, Dominik Keith"]
[Result "1-0"]
[WhiteElo "1858"]
[BlackElo "1543"]
[PlyCount "63"]
[EventDate "2018.05.30"]
[EventType "swiss"]
[EventRounds "7"]
[EventCountry "GER"]
[SourceTitle "EXT 2019"]
[Source "ChessBase"]
[SourceDate "2018.10.10"]
[SourceVersion "1"]
[SourceVersionDate "2018.10.10"]
[SourceQuality "1"]

1. Nf3 Nf6 2. b3 b6 3. Bb2 Bb7 4. e3 e6 5. Be2 Be7 6. c4 0-0 7. d3 d5 8. Nbd2 c5 9. 0-0 Nc6 10. cxd5 Nxd5 11. Re1 Bf6 12. Bxf6 Qxf6 13. Ne4 Qe7 14. Qd2 Rad8 15. Qb2 Nf6 16. Ng3 Nb4 17. Red1 Bxf3 18. gxf3 Rd5 19. a3 Nc6 20. f4 e5 21. Bf3 e4 22. dxe4 Rxd1+ 23. Rxd1 Rd8 24. Rxd8+ Nxd8 25. e5 Ne8 26. f5 Qg5 27. Qd2 Nc7 28. Qd7 Nce6 29. fxe6 Nxe6 30. Qe8+ Nf8 31. Bd5 Qg6 32. f4 1-0

[Event "Wiesbaden op 29th"]
[Site "Wiesbaden"]
[Date "2017.08.24"]
[Round "1"]
[White "Roth, Michael"]
[Black "Lehnert, Michael"]
[Result "1/2-1/2"]
[WhiteElo "1532"]
[BlackElo "1918"]
[PlyCount "102"]
[EventDate "2017.08.24"]
[EventType "swiss"]
[EventRounds "7"]
[EventCountry "GER"]
[SourceTitle "CBM 180 Extra"]
[Source "ChessBase"]
[SourceDate "2017.10.06"]
[SourceVersion "1"]
[SourceVersionDate "2017.10.06"]
[SourceQuality "1"]

1. e4 b6 2. Bc4 Bb7 3. Nc3 e6 4. d3 Bb4 5. Bd2 Ne7 6. Qg4 g6 7. Nge2 Nbc6 8. d4 d5 9. Bd3 dxe4 10. Nxe4 f5 11. Nf6+ Kf7 12. Qh4 Bxd2+ 13. Kxd2 Nd5 14. Rhe1 Qxf6 15. Qg3 f4 16. Qf3 Nxd4 17. Qe4 Nxe2 18. Rxe2 Rab8 19. Qa4 c6 20. Rae1 Qxb2 21. Rxe6 Rhd8 22. Qe4 Qb4+ 23. Qxb4 Nxb4 24. Re7+ Kf8 25. Rc7 Nd5 26. Rxh7 Kg8 27. Rh6 Re8 28. Rxg6+ Kf8 29. Rb1 Rbd8 30. c4 Ne7 31. Rf6+ Kg7 32. Rxf4 c5 33. Kc2 Rd4 34. Rxd4 cxd4 35. Rb5 Rc8 36. Rg5+ Kf6 37. Rg4 Nc6 38. f4 Nb4+ 39. Kd2 Nxa2 40. Rg6+ Kf7 41. Rh6 Rg8 42. g3 Nb4 43. Bf5 Rb8 44. g4 Nc6 45. g5 Bc8 46. Rxc6 Bxf5 47. Rf6+ Kg7 48. Rxf5 a5 49. Rd5 a4 50. Kc2 Rh8 51. f5 Rxh2+ 1/2-1/2

[Event "Hofheim Spring op-A 5th"]
[Site "Hofheim"]
[Date "2017.04.10"]
[Round "6"]
[White "Oezdemir, Ali Oezden"]
[Black "Lehnert, Michael"]
[Result "1-0"]
[WhiteElo "2001"]
[BlackElo "1939"]
[PlyCount "45"]
[EventDate "2017.04.07"]
[EventType "swiss"]
[EventRounds "9"]
[EventCountry "GER"]
[SourceTitle "CBM 177 Extra"]
[Source "ChessBase"]
[SourceDate "2017.04.27"]
[SourceVersion "1"]
[SourceVersionDate "2017.04.27"]
[SourceQuality "1"]

1. e4 d6 2. d4 Nf6 3. Nc3 g6 4. Bg5 Bg7 5. f4 h6 6. Bh4 c6 7. Nf3 Qa5 8. Qd2 Bg4 9. h3 Bxf3 10. gxf3 Qh5 11. Qf2 g5 12. Bg3 gxf4 13. Bxf4 e5 14. Be3 Nfd7 15. d5 Bf6 16. 0-0-0 Bh4 17. Qg2 Ke7 18. dxc6 bxc6 19. Rg1 Nf6 20. Qd2 Ne8 21. f4 exf4 22. Bxf4 Qc5 23. Rg4 1-0

[Event "Hofheim Spring op-A 4th"]
[Site "Hofheim"]
[Date "2016.04.01"]
[Round "7"]
[White "Engel, Berthold"]
[Black "Lehnert, Michael"]
[Result "1-0"]
[WhiteElo "2197"]
[BlackElo "1974"]
[PlyCount "67"]
[EventDate "2016.03.29"]
[EventType "swiss"]
[EventRounds "9"]
[EventCountry "GER"]
[SourceTitle "CBM 171 Extra"]
[Source "ChessBase"]
[SourceDate "2016.04.26"]
[SourceVersion "1"]
[SourceVersionDate "2016.04.26"]
[SourceQuality "1"]

1. e4 d5 2. d3 dxe4 3. dxe4 Qxd1+ 4. Kxd1 Bd7 5. Bf4 c6 6. Bc4 b5 7. Bb3 c5 8. c3 Nc6 9. Nd2 e5 10. Be3 c4 11. Bc2 Be6 12. g3 Bd6 13. f4 f6 14. Ngf3 Nge7 15. f5 Bf7 16. Ke2 b4 17. Ba4 0-0 18. Rhc1 bxc3 19. bxc3 Ba3 20. Rc2 Rab8 21. Rb1 a6 22. g4 g6 23. Rd1 gxf5 24. exf5 Rfd8 25. Ne4 Rxd1 26. Nxf6+ Kg7 27. Kxd1 Kxf6 28. Bg5+ Kg7 29. f6+ Kg8 30. fxe7 Nxe7 31. Nxe5 Rb1+ 32. Ke2 Rg1 33. Nxf7 Rg2+ 34. Kf3 1-0

[Event "Hofheim Spring op-A 4th"]
[Site "Hofheim"]
[Date "2016.03.30"]
[Round "3"]
[White "Weber, Ulrich"]
[Black "Lehnert, Michael"]
[Result "1-0"]
[WhiteElo "2389"]
[BlackElo "1974"]
[PlyCount "49"]
[EventDate "2016.03.29"]
[EventType "swiss"]
[EventRounds "9"]
[EventCountry "GER"]
[SourceTitle "CBM 171 Extra"]
[Source "ChessBase"]
[SourceDate "2016.04.26"]
[SourceVersion "1"]
[SourceVersionDate "2016.04.26"]
[SourceQuality "1"]

1. Nf3 f5 2. g3 Nf6 3. Bg2 e6 4. c4 Be7 5. 0-0 0-0 6. Nc3 c6 7. Qc2 d5 8. b3 Ne4 9. Bb2 Bf6 10. Na4 Nd7 11. d3 Ng5 12. Nxg5 Bxg5 13. e3 Bf6 14. Rac1 Bxb2 15. Nxb2 Nf6 16. d4 Qe7 17. Nd3 Bd7 18. b4 Be8 19. Qb2 Ne4 20. Ne5 dxc4 21. Rxc4 Nd6 22. Rc5 a5 23. Rxa5 Rxa5 24. bxa5 Bh5 25. a6 1-0

[Event "Rhein Main op 12th"]
[Site "Bad Homburg"]
[Date "2009.06.13"]
[Round "5"]
[White "Lehnert, Michael"]
[Black "Ruff, Maximilian"]
[Result "1/2-1/2"]
[WhiteElo "2056"]
[BlackElo "1651"]
[PlyCount "43"]
[EventDate "2009.06.10"]
[EventType "swiss"]
[EventRounds "7"]
[EventCountry "GER"]
[SourceTitle "CBM 131 Extra"]
[Source "ChessBase"]
[SourceDate "2009.09.03"]
[SourceVersion "2"]
[SourceVersionDate "2009.09.16"]
[SourceQuality "1"]

1. c4 Nf6 2. Nc3 e5 3. d3 Nc6 4. Nf3 Bb4 5. e4 d6 6. Be2 0-0 7. 0-0 Be6 8. Bg5 Qe7 9. a3 Bc5 10. b4 Bb6 11. Na4 Nd4 12. Nxb6 Nxe2+ 13. Qxe2 axb6 14. c5 bxc5 15. bxc5 Bg4 16. cxd6 Qxd6 17. h3 Bxf3 18. Qxf3 Nd7 19. Qg4 Nc5 20. Rfb1 b6 21. Rd1 Nb3 22. Ra2 1/2-1/2

[Event "Rhein Main op 12th"]
[Site "Bad Homburg"]
[Date "2009.06.11"]
[Round "3"]
[White "Abu Es Soud, Amin"]
[Black "Lehnert, Michael"]
[Result "1/2-1/2"]
[WhiteElo "1851"]
[BlackElo "2056"]
[PlyCount "22"]
[EventDate "2009.06.10"]
[EventType "swiss"]
[EventRounds "7"]
[EventCountry "GER"]
[SourceTitle "CBM 131 Extra"]
[Source "ChessBase"]
[SourceDate "2009.09.03"]
[SourceVersion "2"]
[SourceVersionDate "2009.09.16"]
[SourceQuality "1"]

1. e4 e6 2. d4 d5 3. exd5 exd5 4. Bd3 Nf6 5. Bg5 Be7 6. Nf3 h6 7. Bh4 0-0 8. Nbd2 Be6 9. c3 Nbd7 10. 0-0 c5 11. Re1 Qb6 1/2-1/2

[Event "Rhein Main op 12th"]
[Site "Bad Homburg"]
[Date "2009.06.11"]
[Round "2"]
[White "Lehnert, Michael"]
[Black "Schnitzspan, Lothar"]
[Result "0-1"]
[WhiteElo "2056"]
[BlackElo "2306"]
[PlyCount "70"]
[EventDate "2009.06.10"]
[EventType "swiss"]
[EventRounds "7"]
[EventCountry "GER"]
[SourceTitle "CBM 131 Extra"]
[Source "ChessBase"]
[SourceDate "2009.09.03"]
[SourceVersion "2"]
[SourceVersionDate "2009.09.16"]
[SourceQuality "1"]

1. c4 Nf6 2. Nc3 d5 3. cxd5 Nxd5 4. g3 g6 5. Bg2 Nxc3 6. bxc3 Bg7 7. Rb1 Nc6 8. Qa4 0-0 9. Nf3 e5 10. 0-0 Rb8 11. d3 Bd7 12. Qb3 Be6 13. Qa4 h6 14. Rd1 Re8 15. d4 Bf5 16. e4 Bxe4 17. Rb2 exd4 18. cxd4 Qf6 19. Ne5 Bxg2 20. Kxg2 Nxe5 21. dxe5 Qxe5 22. Rbd2 a6 23. Rd7 Re7 24. Bf4 Qe6 25. Bxc7 Rbe8 26. R1d6 Qe1 27. Ba5 Qb1 28. Rb6 Qf5 29. Rbxb7 Rxd7 30. Qxd7 Re2 31. Qxf5 gxf5 32. Rb8+ Kh7 33. Rd8 Rxa2 34. Rd5 Kg6 35. Rd6+ f6 0-1

[Event "Karl Mala Memorial op 11th"]
[Site "Frankfurt"]
[Date "2008.06.29"]
[Round "6"]
[White "Wieland, Hendrik Ido"]
[Black "Lehnert, Michael"]
[Result "0-1"]
[WhiteElo "1825"]
[BlackElo "2090"]
[PlyCount "46"]
[EventDate "2008.06.26"]
[EventType "swiss"]
[EventRounds "7"]
[EventCountry "GER"]
[SourceTitle "CBM 125 Extra"]
[Source "ChessBase"]
[SourceDate "2008.09.01"]
[SourceVersion "1"]
[SourceVersionDate "2008.09.01"]
[SourceQuality "1"]

1. d4 f5 2. g3 Nf6 3. Bg2 g6 4. c4 Bg7 5. Nc3 0-0 6. Nf3 d6 7. 0-0 Qe8 8. Re1 h6 9. d5 a5 10. Nd4 Na6 11. e4 fxe4 12. Nxe4 Nxe4 13. Bxe4 Nc5 14. Bg2 Qf7 15. Be3 Kh7 16. Qc2 e5 17. dxe6 Nxe6 18. Rad1 Nc5 19. b3 Bg4 20. Rd2 c6 21. h3 Bd7 22. Rde2 Rae8 23. f4 Rxe3 0-1

[Event "Karl Mala Memorial op 11th"]
[Site "Frankfurt"]
[Date "2008.06.28"]
[Round "5"]
[White "Lehnert, Michael"]
[Black "Poetsch, Hagen"]
[Result "0-1"]
[WhiteElo "2090"]
[BlackElo "2267"]
[PlyCount "46"]
[EventDate "2008.06.26"]
[EventType "swiss"]
[EventRounds "7"]
[EventCountry "GER"]
[SourceTitle "CBM 125 Extra"]
[Source "ChessBase"]
[SourceDate "2008.09.01"]
[SourceVersion "1"]
[SourceVersionDate "2008.09.01"]
[SourceQuality "1"]

1. c4 e6 2. Nc3 b6 3. e4 c5 4. f4 Bb7 5. Nf3 Nf6 6. e5 Ne4 7. Ne2 b5 8. cxb5 d6 9. Nc3 dxe5 10. fxe5 Nd7 11. Nxe4 Bxe4 12. Qa4 Bxf3 13. gxf3 Be7 14. Qe4 0-0 15. h4 Kh8 16. b3 Nxe5 17. Bb2 Bxh4+ 18. Kd1 Ng6 19. Kc2 Bf6 20. Bd3 Bxb2 21. Rag1 Qf6 22. Qg4 h6 23. Rxh6+ gxh6 0-1

[Event "Lugano New op 1st"]
[Site "Lugano"]
[Date "2007.04.30"]
[Round "3"]
[White "Gagliardi, Claudio"]
[Black "Lehnert, Michael"]
[Result "0-1"]
[WhiteElo "1808"]
[BlackElo "2025"]
[PlyCount "80"]
[EventDate "2007.04.29"]
[EventType "swiss"]
[EventRounds "6"]
[EventCountry "SUI"]
[SourceTitle "CBM 118 Extra"]
[Source "ChessBase"]
[SourceDate "2007.07.04"]
[SourceVersion "1"]
[SourceVersionDate "2007.07.04"]
[SourceQuality "1"]

1. d4 d6 2. Nf3 g6 3. c3 f5 4. Qb3 d5 5. Bf4 Nf6 6. Nbd2 Bg7 7. e3 0-0 8. Be2 e6 9. Ne5 Nbd7 10. Ndf3 Ne4 11. h4 Nxe5 12. Nxe5 c5 13. f3 c4 14. Qc2 Nd6 15. 0-0-0 b5 16. g4 Nf7 17. g5 Nxe5 18. dxe5 Qc7 19. Qd2 Bxe5 20. Bxe5 Qxe5 21. Qd4 Qxd4 22. exd4 f4 23. Rdg1 e5 24. dxe5 Re8 25. Re1 Rxe5 26. Bd1 Rxe1 27. Rxe1 Kf7 28. Bc2 Bb7 29. Kd2 Re8 30. Rxe8 Kxe8 31. Ke2 Bc8 32. b3 Ke7 33. bxc4 bxc4 34. Ba4 Kd6 35. Bc2 Ke5 36. Ba4 Be6 37. a3 d4 38. cxd4+ Kxd4 39. Kd2 c3+ 40. Kc1 Bd5 0-1

[Event "Lugano New op 1st"]
[Site "Lugano"]
[Date "2007.04.30"]
[Round "4"]
[White "Lehnert, Michael"]
[Black "Patuzzo, Fabrizio"]
[Result "1-0"]
[WhiteElo "2025"]
[BlackElo "2295"]
[PlyCount "97"]
[EventDate "2007.04.29"]
[EventType "swiss"]
[EventRounds "6"]
[EventCountry "SUI"]
[SourceTitle "CBM 118 Extra"]
[Source "ChessBase"]
[SourceDate "2007.07.04"]
[SourceVersion "1"]
[SourceVersionDate "2007.07.04"]
[SourceQuality "1"]

1. c4 e6 2. Nc3 Bb4 3. g3 Nf6 4. Bg2 d5 5. Qb3 Nc6 6. e3 Bxc3 7. bxc3 Ne5 8. cxd5 Nd3+ 9. Ke2 Nxc1+ 10. Rxc1 exd5 11. Qa3 Bd7 12. Nf3 b6 13. Ne5 Be6 14. Qa4+ Kf8 15. c4 c5 16. d4 cxd4 17. Rhd1 Qe8 18. Qxe8+ Rxe8 19. cxd5 Bxd5 20. Bxd5 Nxd5 21. Nd7+ Ke7 22. Rxd4 Rd8 23. Ne5 Ke6 24. f4 Rc8 25. Nc6 Rc7 26. e4 Ne7 27. f5+ Kf6 28. Rd6+ Kg5 29. h4+ Kh5 30. Kf3 g6 31. g4+ Kh6 32. g5+ Kh5 33. f6 Nxc6 34. Rdxc6 Rxc6 35. Rxc6 Kxh4 36. Kf4 h6 37. gxh6 g5+ 38. Kf5 Rxh6 39. Rc1 Rg6 40. Rh1+ Kg3 41. Rh7 g4 42. Rxf7 Rh6 43. Rg7 Rh5+ 44. Rg5 Rh7 45. Rxg4+ Kf3 46. e5 Rh5+ 47. Rg5 Rh2 48. f7 Ke3 49. Kg6 1-0